000 00324nam a2200145Ia 4500
008 090124s9999 xx 000 0 und d
082 _b302403
245 _a आई
250 _a1
260 _bबांदोडकर गौरी
_c1990
300 _a192
630 _a आई
730 _a आई
942 _cBOOK
999 _c192040
_d192040